| 000 | 00805nam a2200277 i 4500 | ||
|---|---|---|---|
| 001 | 12176 | ||
| 003 | ES-MaACL | ||
| 005 | 20251009170253.0 | ||
| 007 | t| | ||
| 008 | 901019s1988 sp ||||0| spa | ||
| 020 | _a84-7232-454-0 | ||
| 080 | _a929 Cevallos, Pedro de | ||
| 080 | _a982"1591/1810" | ||
| 100 | 1 |
_aBarba, Enrique M. _925359 |
|
| 245 | 1 | 0 |
_aDon Pedro de Cevallos / _cEnrique M. Barba. |
| 250 | _a3ª ed. | ||
| 260 |
_aMadrid : _bCultura Hispánica, _c1988. |
||
| 300 |
_a331 p ; _c24 cm. |
||
| 490 | 1 | _aEnsayo | |
| 504 | _aBibliografía: p. 311-317. | ||
| 600 | 1 | 7 |
_aCevallos, Pedro Antonio de, _d1715-1778 _2 _9138086 |
| 651 | 4 |
_aArgentina- _xHistoria- _y1591-1810, Época colonial. _9156531 |
|
| 830 | 1 |
_aEnsayo _9177699 |
|
| 852 |
_aES-MaACL _jL-19436 |
||
| 999 |
_c12176 _d12176 |
||